Empleo rural, estado y políticas públicas en Costa Rica: estudio de una productora de granos básicos frijol y maíz /

保存先:
書誌詳細
第一著者: Martín Salazar, Ligia
共著者: CSUCA, CIID Universidad de Costa Rica
フォーマット: テキスト
出版事項: San José: CSUCA. CIID. UCR
タグ: タグ追加
タグなし, このレコードへの初めてのタグを付けませんか!

MARC

LEADER 00000 a a2200000 04500
001 21024
003
040
090 |a 090600  
100 |a Martín Salazar, Ligia  
110 |a CSUCA  
245 |a Empleo rural, estado y políticas públicas en Costa Rica: estudio de una productora de granos básicos frijol y maíz /  |c CSUCA  
260 |a San José:   |b CSUCA. CIID. UCR  
300 |a 148 p.  
710 |a CIID   |a Universidad de Costa Rica  
999 |c 12045  |d 12045